Muslims in dakshina kannada. (a historical study upto 1947 and survey of recent developments) (Record no. 97882)

MARC details
000 -LEADER
fixed length control field 00772nam a2200217Ia 4500
003 - CONTROL NUMBER IDENTIFIER
control field OSt
005 - DATE AND TIME OF LATEST TRANSACTION
control field 20260512152745.0
008 - FIXED-LENGTH DATA ELEMENTS--GENERAL INFORMATION
fixed length control field 210210b1993 xxu||||| |||| 00| 0 eng d
040 ## - CATALOGING SOURCE
Transcribing agency AL
041 ## - LANGUAGE CODE
Language code of text/sound track or separate title eng
082 ## - DEWEY DECIMAL CLASSIFICATION NUMBER
Classification number 954.871 DODM
100 ## - MAIN ENTRY--PERSONAL NAME
Personal name DODDAMANE (A Wahab)
9 (RLIN) 183398
245 ## - TITLE STATEMENT
Title Muslims in dakshina kannada. (a historical study upto 1947 and survey of recent developments)
260 ## - PUBLICATION, DISTRIBUTION, ETC.
Place of publication, distribution, etc. Mangalore.
Name of publisher, distributor, etc. Green Words Publication.,
Date of publication, distribution, etc. 1993
300 ## - PHYSICAL DESCRIPTION
Extent 210
520 ## - SUMMARY, ETC.
Summary, etc. a critical, scholarly analysis of the socio-economic, historical, and cultural landscape of the Muslim community in South Kanara, specifically the Beary community
650 ## - SUBJECT ADDED ENTRY--TOPICAL TERM
Topical term or geographic name entry element South Kanara /South Canara
9 (RLIN) 183412
690 ## - LOCAL SUBJECT ADDED ENTRY--TOPICAL TERM (OCLC, RLIN)
Topical term or geographic name as entry element Dakshina Kannada
9 (RLIN) 183411
906 ## - LOCAL DATA ELEMENT F, LDF (RLIN)
a 049031
942 ## - ADDED ENTRY ELEMENTS (KOHA)
Source of classification or shelving scheme Dewey Decimal Classification
Koha item type Book
Holdings
Withdrawn status Lost status Source of classification or shelving scheme Damaged status Not for loan Collection code Home library Current library Date acquired Source of acquisition Cost, normal purchase price Total Checkouts Full call number Barcode Date last seen Price effective from Koha item type
    Dewey Decimal Classification   Restricted Book History St Aloysius Library St Aloysius Library 02/17/2021 Athree Book Centre, Mangalore-01. 290.00   954.871 DODM 049031 02/17/2021 02/17/2021 Book